LEADER 01056nam0-22003131i-450- 001 990000091980403321 035 $a000009198 035 $aFED01000009198 035 $a(Aleph)000009198FED01 035 $a000009198 100 $a20011111d--------km-y0itay50------ba 101 0 $aita 105 $ay-------001yy 200 1 $a<>linee delle quantitą di moto totali in correnti liquide permanenti gradualmente varie$fGuido Nebbia. 210 $a[Napoli]$cs.e.$d[1937 ?] 215 $a433 300 $aIn testa al front.: R. Universitą di Napoli 333 1 $a439 p.$v33 cm. -Pubblicazioni dell'Istituto di costruzioni idrauliche ed impianti speciali idraulici$v14 610 0 $aCorrenti liquide 676 $a627.042 700 1$aNebbia,$bGuido$01042 801 0$aIT$bUNINA$gRICA$2UNIMARC 901 $aBK 912 $a990000091980403321 952 $a13 N 45 73$b18838$fFINBC 959 $aFINBC 996 $aLinee delle quantitą di moto totali in correnti liquide permanenti gradualmente varie$9109227 997 $aUNINA DB $aING01 LEADER 01612nam--2200457---450- 001 990001143270203316 005 20090729142143.0 010 $a978-88-317-9778-8 035 $a000114327 035 $aUSA01000114327 035 $a(ALEPH)000114327USA01 035 $a000114327 100 $a20030416d2009----km-y0itay50------ba 101 0 $aita 102 $aIT 105 $aa|||z|||001yy 200 1 $a<> cinema israeliano contemporaneo$fa cura di Maurizio G. De Bonis, Ariel Schweitzer, Giovanni Spagnoletti 210 $aVenezia$cMarsilio$d2009 215 $a269 p.$cill.$d22 cm 225 2 $aSaggi Marsilio$iNuovocinema/Pesaro$v67 300 $aPubbl. in occasione della 45. Mostra internazionale del nuovo cinema, Pesaro, 21-29 giugno 2009 410 0$12001$aSaggi Marsilio$iNuovocinema/Pesaro 606 0 $aCinema israeliano$zSec. 21.$2BNCF 676 $a791.43095694 702 1$aDE BONIS,$bMaurizio G. 702 1$aSCHWEITZER,$bAriel 702 1$aSPAGNOLETTI,$bGiovanni$f<1949- > 801 0$aIT$bsalbc$gISBD 912 $a990001143270203316 951 $aXIII.2. Coll. 10/ 28$b2629 L.G.$cXIII.2. Coll.$d00227944 959 $aBK 969 $aUMA 979 $aMARIA$b10$c20030416$lUSA01$h1050 979 $aPATRY$b90$c20040406$lUSA01$h1719 979 $aANNAMARIA$b90$c20090729$lUSA01$h1344 979 $aANNAMARIA$b90$c20090729$lUSA01$h1348 979 $aANNAMARIA$b90$c20090729$lUSA01$h1415 979 $aANNAMARIA$b90$c20090729$lUSA01$h1415 979 $aANNAMARIA$b90$c20090729$lUSA01$h1421 996 $aCinema israeliano contemporaneo$9980706 997 $aUNISA